El hipertexto : reivindicacion de la lectura y la escritura en el medio electronico, a un nivel mas virtual que fisico (Registro nro. 148532)

Detalles MARC
001 - NÚMERO DE CONTROL
campo de control 583898
005 - FECHA Y HORA DE LA ÚLTIMA TRANSACCIÓN
campo de control 20241127090905.0
008 - DATOS DE LONGITUD FIJA--INFORMACIÓN GENERAL
campo de control de longitud fija 000314e19990901 spa
035 ## - NÚMERO DE CONTROL DEL SISTEMA
Número de control de sistema 583898
035 ## - NÚMERO DE CONTROL DEL SISTEMA
Número de control de sistema (OCoLC)819823844
040 ## - FUENTE DE LA CATALOGACIÓN
Centro/agencia transcriptor comduadb
041 ## - CÓDIGO DE LENGUA
Código de lengua del texto/banda sonora o título independiente spa
100 10 - ENTRADA PRINCIPAL--NOMBRE DE PERSONA
Nombre de persona Calle G., Aura Margarita
Código de función aut
Término indicativo de función/relación Autor/a
9 (RLIN) 301149
245 13 - MENCIÓN DE TÍTULO
Título El hipertexto : reivindicacion de la lectura y la escritura en el medio electronico, a un nivel mas virtual que fisico
650 ## - PUNTO DE ACCESO ADICIONAL DE MATERIA--TÉRMINO DE MATERIA
Término de materia o nombre geográfico como elemento de entrada Informática en la educación
9 (RLIN) 45639
650 ## - PUNTO DE ACCESO ADICIONAL DE MATERIA--TÉRMINO DE MATERIA
Término de materia o nombre geográfico como elemento de entrada Tecnologia - Metodologia
9 (RLIN) 43501
650 #7 - PUNTO DE ACCESO ADICIONAL DE MATERIA--TÉRMINO DE MATERIA
Término de materia o nombre geográfico como elemento de entrada Sistemas hipertexto
Fuente del encabezamiento o término armarc
9 (RLIN) 39775
773 0# - ENLACE AL DOCUMENTO FUENTE/ENTRADA DE REGISTRO ANFITRIÓN
Título Revista de Ciencias Humanas (Pereira)
Parte(s) relacionada(s) Volumen 06, Número 21, Septiembre de 1999, p. 139-144
Número de control del registro 108013
Número Internacional Normalizado para Publicaciones Seriadas 0121-9677
Número bibliográfico anfitrión 91483
942 ## - ELEMENTOS DE ENTRADA AGREGADA (KOHA)
Tipo de ítem Koha Artículo de Revista

No hay ítems disponibles.